| 000 | 00602nam a2200229Ia 4500 | ||
|---|---|---|---|
| 008 | 180523s9999 xx 000 0 und d | ||
| 020 | _a81-7391-674-8 | ||
| 050 | _aMAIN LC 189 | ||
| 050 | _b.K38 2004 | ||
| 100 | _aKaushik, V.K. | ||
| 245 | 0 | _aSociology of teaching and curriculum / | |
| 245 | 0 | _cV.K. Kaushik, Ravi Prakash. | |
| 260 | _aNew Delhi : | ||
| 260 | _bKanishka Publishers, | ||
| 260 | _c2004 | ||
| 300 | _a264 pages : | ||
| 300 | _c21 cm. | ||
| 500 | _aIncludes index. | ||
| 650 | _aEducational sociology. | ||
| 650 | _aSocial change. | ||
| 650 | _xEducation -- Curricula. | ||
| 999 |
_c357333 _d357333 |
||